Specific features of the charge neutralization of silicon carbide in sintering by electron beam in the forevacuum range of pressures; Technical Physics Letters; Vol. 41, iss. 8

書誌詳細
Parent link:Technical Physics Letters: Scientific Journal
Vol. 41, iss. 8.— 2015.— [P. 747-749]
団体著者: Национальный исследовательский Томский политехнический университет
その他の著者: Klimov A. S. Aleksandr Sergeevich, Burdovitsin V. A. Viktor Alekseevich, Zenin A. A. Aleksey Aleksandrovich, Oks E. M. Efim Mikhaylovich, Khasanov O. L. Oleg Leonidovich, Dvilis E. S. Edgar Sergeevich, Khasanov A. O. Aleksey Olegovich
要約:Title screen
It is shown that a noticeable role in the electron beam charge neutralization in the course of elec tronbeam sintering of compacted silicon carbide samples is played, as the sample temperature increases, by the electrical conductivity of a sample being sintered, as well as by thermionic emission from its surface. Experimental results obtained for compacted silicon carbide are used to determine its energy gap width and the electron work function. Model of the slide valve pneumohydraulic impact unit.
Режим доступа: по договору с организацией-держателем ресурса
言語:英語
出版事項: 2015
主題:
オンライン・アクセス:http://dx.doi.org/10.1134/S1063785015080118
フォーマット: MixedMaterials 電子媒体 図書の章
KOHA link:https://koha.lib.tpu.ru/cgi-bin/koha/opac-detail.pl?biblionumber=645570

MARC

LEADER 00000nla0a2200000 4500
001 645570
005 20251206132835.0
035 |a (RuTPU)RU\TPU\network\10661 
035 |a RU\TPU\network\8808 
090 |a 645570 
100 |a 20160113d2015 k||y0rusy50 ba 
101 0 |a eng 
135 |a drcn ---uucaa 
181 0 |a i  
182 0 |a b 
200 1 |a Specific features of the charge neutralization of silicon carbide in sintering by electron beam in the forevacuum range of pressures  |f A. S. Klimov [et al.] 
203 |a Text  |c electronic 
300 |a Title screen 
320 |a [References: p. 749 (10 tit.)] 
330 |a It is shown that a noticeable role in the electron beam charge neutralization in the course of elec tronbeam sintering of compacted silicon carbide samples is played, as the sample temperature increases, by the electrical conductivity of a sample being sintered, as well as by thermionic emission from its surface. Experimental results obtained for compacted silicon carbide are used to determine its energy gap width and the electron work function. Model of the slide valve pneumohydraulic impact unit. 
333 |a Режим доступа: по договору с организацией-держателем ресурса 
461 |t Technical Physics Letters  |o Scientific Journal 
463 |t Vol. 41, iss. 8  |v [P. 747-749]  |d 2015 
610 1 |a электронный ресурс 
610 1 |a труды учёных ТПУ 
610 1 |a карбид кремния 
610 1 |a спекание 
610 1 |a пучки электронов 
701 1 |a Klimov  |b A. S.  |g Aleksandr Sergeevich 
701 1 |a Burdovitsin  |b V. A.  |g Viktor Alekseevich 
701 1 |a Zenin  |b A. A.  |g Aleksey Aleksandrovich 
701 1 |a Oks  |b E. M.  |g Efim Mikhaylovich 
701 1 |a Khasanov  |b O. L.  |c Russian physicist, materials scientist, Doctor of Engineering  |c professor, Director of TPU Nano-Centre and Head of the Department "Nanomaterials and Nanotechnologies" of TPU  |f 1958-  |g Oleg Leonidovich  |3 (RuTPU)RU\TPU\pers\27102  |9 12652 
701 1 |a Dvilis  |b E. S.  |c Chemical Engineer  |c senior researcher of Tomsk Polytechnic University, Professor, doctor of physical and mathematical Sciences  |f 1969-  |g Edgar Sergeevich  |3 (RuTPU)RU\TPU\pers\34597  |9 17959 
701 1 |a Khasanov  |b A. O.  |c Chemical Engineer  |c Engineer of Tomsk Polytechnic University  |f 1987-  |g Aleksey Olegovich  |3 (RuTPU)RU\TPU\pers\31510 
712 0 2 |a Национальный исследовательский Томский политехнический университет  |c (2009- )  |9 26305 
801 2 |a RU  |b 63413507  |c 20160404  |g RCR 
856 4 |u http://dx.doi.org/10.1134/S1063785015080118 
942 |c CF